000 00852cab a2200241 4500
001 ABS43610
008 090401t1990 xxu||||| |||| 00| 0 eng d
035 _a(Sirsi) u42543
041 _aeng
245 _aMurphy`s law: where do we go from here?
260 _c1990
350 _a0
490 _aSolicitors` Journal
_v133 (44) 2 November 1990, 1256-1258(3)
520 _aThe author looks at ways of enforcing terms of contracts including constructive trust , suing implied contracts sub-bailment following rulings in Murphy v Brentwood (43321) and DOE v Bates (1990 3 WLR 457).
650 _aBESWICK V BESWICK
650 _aECONOMIC LOSS
650 _aLAW OF PROPERTY ACT 1925 S56
650 _aQUASI CONTRACTUAL WARRANTY
650 _aTRUSTS
690 _aBUILT ENVIRONMENT-BUILDING CONTRACT FORMS
942 _n0
948 _c04/03/1997
999 _c27236
_d27236